[Event "Troya op 25th"]
[Site "Canakkale"]
[Date "2017.08.07"]
[Round "1"]
[White "Savchenko, Boris"]
[Black "Gungor, Cevdet"]
[Result "1-0"]
[WhiteElo "2602"]
[BlackElo "1806"]
[PlyCount "45"]
[EventDate "2017.08.07"]
[EventType "swiss"]
[EventRounds "9"]
[EventCountry "TUR"]
[SourceTitle "CBM 179 Extra"]
[Source "ChessBase"]
[SourceDate "2017.08.23"]
[SourceVersion "1"]
[SourceVersionDate "2017.08.23"]
[SourceQuality "1"]

1. e4 c5 2. Nf3 e6 3. c3 d5 4. e5 Bd7 5. d4 Qb6 6. a3 Bb5 7. Bxb5+ Qxb5 8. a4 Qa6 9. dxc5 Bxc5 10. b4 Bf8 11. Na3 Nd7 12. Nd4 Qb6 13. a5 Qc7 14. Nab5 Qxe5+ 15. Qe2 Bd6 16. Be3 Bb8 17. a6 bxa6 18. Nc6 Qe4 19. Nxb8 axb5 20. Nxd7 Kxd7 21. Qxb5+ Kd8 22. 0-0 Nf6 23. Bb6+ 1-0